Deutscher WM-Kader 2018 - Statistiken

Allgemein
  • Dieses Quiz wurde 55.614 mal gespielt
  • Das Durchschnittsergebnis liegt bei 18 aus 24
Antwortstatistiken
# Spielposition Verein Spieler % Korrekt
1 Tor FC Bayern Manuel Neuer
99%
22 Tor FC Barcelona Marc-André ter Stegen
95%
8 Mittelfeld / Angriff Real Madrid Toni Kroos
89%
13 Mittelfeld / Angriff FC Bayern Thomas Müller
88%
17 Abwehr FC Bayern Jérôme Boateng
85%
5 Abwehr FC Bayern Mats Hummels
85%
9 Mittelfeld / Angriff RB Leipzig Timo Werner
85%
11 Mittelfeld / Angriff Bor. Dortmund Marco Reus
83%
19 Mittelfeld / Angriff FC Bayern Sebastian Rudy
83%
18 Abwehr FC Bayern Joshua Kimmich
82%
16 Abwehr Chelsea Antonio Rüdiger
81%
- Bundestrainer - Joachim Löw
81%
12 Tor PSG Kevin Trapp
81%
7 Mittelfeld / Angriff PSG Julian Draxler
80%
21 Mittelfeld / Angriff Manchester City Ilkay Gündogan
78%
10 Mittelfeld / Angriff Arsenal Mesut Özil
77%
3 Abwehr 1. FC Köln Jonas Hector
73%
4 Abwehr Mönchengladbach Matthias Ginter
70%
6 Mittelfeld / Angriff Juventus Turin Sami Khedira
70%
15 Abwehr FC Bayern Niklas Süle
59%
14 Mittelfeld / Angriff Schalke 04 Leon Goretzka
54%
20 Mittelfeld / Angriff Leverkusen Julian Brandt
50%
2 Abwehr Hertha BSC Marvin Plattenhardt
45%
23 Mittelfeld / Angriff VfB Stuttgart Mario Gómez
44%
Keine übereinstimmenden Quizze gefunden
Verteilung der Resultate
Anzahl Personen mit jedem Resultat
Perzentil nach korrekt beantworteten Fragen
Ihre Resultats-Entwicklung
Sie haben dieses Quiz noch nicht gespielt